Rate of transition (Record no. 72243)
[ view plain ]
| 000 -LEADER | |
|---|---|
| fixed length control field | 01116cam a2200241 4500 |
| 001 - CONTROL NUMBER | |
| control field | ABS66475 |
| 008 - FIXED-LENGTH DATA ELEMENTS--GENERAL INFORMATION | |
| fixed length control field | 030306n2003 000 0 eng u |
| 035 ## - SYSTEM CONTROL NUMBER | |
| System control number | (Sirsi) u121544 |
| 100 ## - MAIN ENTRY--PERSONAL NAME | |
| Personal name | Schurder, J. |
| 245 ## - TITLE STATEMENT | |
| Title | Rate of transition |
| 260 ## - PUBLICATION, DISTRIBUTION, ETC. | |
| Date of publication, distribution, etc. | 2003 |
| 490 ## - SERIES STATEMENT | |
| Series statement | Estates Gazette |
| Volume/sequential designation | (0308) 22 February 2003, 120-121(2) |
| 520 ## - SUMMARY, ETC. | |
| Summary, etc. | The Valuation Office Agency is modernising the way it gives information to ratepayers about rate assessments and is aiming to improve the accuracy of valuations. However only half the problem has been considered. The omission is schemes of transitional arrangements that accompany rating revaluations. RICS, IRRV, and RSA have produced research to consider alternatives to fill the gap. As a result the research advises modifications to the Local Government Bill to rectify any problems. |
| 590 ## - LOCAL NOTE (RLIN) | |
| Local note | ABS |
| 650 ## - SUBJECT ADDED ENTRY--TOPICAL TERM | |
| Topical term or geographic name entry element | BUSINESS RATES |
| 650 ## - SUBJECT ADDED ENTRY--TOPICAL TERM | |
| Topical term or geographic name entry element | RATING ASSESSMENTS |
| 650 ## - SUBJECT ADDED ENTRY--TOPICAL TERM | |
| Topical term or geographic name entry element | RATING REFORM |
| 650 ## - SUBJECT ADDED ENTRY--TOPICAL TERM | |
| Topical term or geographic name entry element | TRANSITIONAL ARRANGEMENTS |
| 650 ## - SUBJECT ADDED ENTRY--TOPICAL TERM | |
| Topical term or geographic name entry element | TRANSITIONAL RATE RELIEF |
| 650 ## - SUBJECT ADDED ENTRY--TOPICAL TERM | |
| Topical term or geographic name entry element | LOCAL GOVERNMENT BILL |
| 690 ## - LOCAL SUBJECT ADDED ENTRY--TOPICAL TERM (OCLC, RLIN) | |
| Topical term or geographic name as entry element | RATING AND LOCAL TAXATION |
| 942 ## - ADDED ENTRY ELEMENTS (KOHA) | |
| Suppress in OPAC | 0 |
| Withdrawn status | Lost status | Source of classification or shelving scheme | Damaged status | Not for loan | Home library | Current library | Shelving location | Date acquired | Total Checkouts | Full call number | Barcode | Date last seen | Copy number | Price effective from | Koha item type |
|---|---|---|---|---|---|---|---|---|---|---|---|---|---|---|---|
| Dewey Decimal Classification | London | London | Journal article | 06/03/2003 | ABS66475 | 121544-1001 | 06/08/2019 | 1 | 06/08/2019 | Journal article |